La sociología como ciencia teórica y empírica /
Se presenta la posición epistemológica y metodológica de Gino Germani. Se describen artículos dedicados a explicitar sus reflexiones sobre qué es la ciencia social y qué metodología habría que utilizar en la investigación científica en América Latina.
Збережено в:
| Автор: | |
|---|---|
| Інші автори: | , , |
| Формат: | Текст |
| Предмети: | |
| Теги: |
Додати тег
Немає тегів, Будьте першим, хто поставить тег для цього запису!
|
MARC
| LEADER | 00000 a a2200000 04500 | ||
|---|---|---|---|
| 001 | 41480 | ||
| 003 | |||
| 040 | |||
| 100 | |a Sautu, Ruth | ||
| 245 | |a La sociología como ciencia teórica y empírica / |c Ruth Sautu ; Cecilia Fraga ; Carolina Najmias ; Gabriela Plotno | ||
| 520 | |a Se presenta la posición epistemológica y metodológica de Gino Germani. Se describen artículos dedicados a explicitar sus reflexiones sobre qué es la ciencia social y qué metodología habría que utilizar en la investigación científica en América Latina. | ||
| 590 | |a EFU/OCTUBRE2011 | ||
| 650 | |a 1.SOCIOLOGOS | ||
| 650 | |a 2.EPISTEMOLOGIA | ||
| 650 | |a 3.TEORIA | ||
| 650 | |a 4.CIENCIAS SOCIALES | ||
| 650 | |a 5.AMERICA LATINA | ||
| 650 | |a 6.COMENTARIOS | ||
| 700 | |a Fraga, Cecilia | ||
| 700 | |a Najmias, Carolina | ||
| 700 | |a Plotno, Gabriela | ||
| 773 | |g páginas 316-323 | ||
| 999 | |c 38102 |d 38102 | ||
